000 00792nam a22001697a 4500
999 _c60823
_d60823
005 20231025144540.0
008 231025s1973 ru ||||| |||| 00| 0 rus d
041 _arus
080 _a726.853(620)(084.1) M-69
245 _aПирамиды и мастабы /
_cТекст и редакция: Казимеж Михаловский; фотограф: Анджей Дзевановский.
264 _aВаршава,
_b«Аркады»,
_c1973.
300 _a84 стр.:
_bил.;
_c29 см.
653 _aპირამიდები და მასტაბა
700 _aМихаловский, Казимеж
_eტექსტის ავტორი
_920243
700 _aДзевановский, Анджей
_eფოტოგრაფი
_920244
942 _2udc
_cᲬᲘᲒᲜᲘ